Materials handbook (Record no. 9821)

MARC details
000 -LEADER
fixed length control field 00606nam a2200205Ia 4500
003 - CONTROL NUMBER IDENTIFIER
control field IN-BaIIA
008 - FIXED-LENGTH DATA ELEMENTS--GENERAL INFORMATION
fixed length control field 211028s9999 xx 000 0 eng d
020 ## - INTERNATIONAL STANDARD BOOK NUMBER
International Standard Book Number 0-07-007071-7
040 ## - CATALOGING SOURCE
Transcribing agency IIA Library
080 ## - UNIVERSAL DECIMAL CLASSIFICATION NUMBER
Universal Decimal Classification number (035)621.86
Item number BRA
100 ## - MAIN ENTRY--PERSONAL NAME
Personal name Brady, G. S
9 (RLIN) 16632
245 #0 - TITLE STATEMENT
Title Materials handbook
Statement of responsibility, etc. G S Brady and H R Clauser
250 ## - EDITION STATEMENT
Edition statement 12thed
260 ## - PUBLICATION, DISTRIBUTION, ETC.
Place of publication, distribution, etc. New York
Name of publisher, distributor, etc. McGraw-Hill
Date of publication, distribution, etc. 1989
300 ## - PHYSICAL DESCRIPTION
Extent ix,1038p.
650 ## - SUBJECT ADDED ENTRY--TOPICAL TERM
Topical term or geographic name entry element Astronomy and Astrophysics Thesaurus
650 ## - SUBJECT ADDED ENTRY--TOPICAL TERM
Topical term or geographic name entry element Handbooks-Materials
9 (RLIN) 5082
700 ## - ADDED ENTRY--PERSONAL NAME
Personal name Clauser, H R
9 (RLIN) 16633
942 ## - ADDED ENTRY ELEMENTS (KOHA)
Koha item type Books
Holdings
Withdrawn status Lost status Damaged status Not for loan Home library Current library Shelving location Date acquired Cost, normal purchase price Total Checkouts Full call number Barcode Date last seen Cost, replacement price Price effective from Koha item type Purchase Price
        IIA Library-Bangalore IIA Library-Bangalore General Stacks   639.90   (035)621.86/ BRA 10731 05/11/2021 639.90   Books Rs. 639.90

Powered by Koha